Paradojas de los conflictos violentos : (Registro nro. 11716)

Detalles MARC
000 -LEADER
fixed length control field 01411nam a2200325 4500
001 - CONTROL NUMBER
control field 0000022987
003 - CONTROL NUMBER IDENTIFIER
control field CO-CtgCURN
005 - DATE AND TIME OF LATEST TRANSACTION
control field 20250329191030.0
007 - PHYSICAL DESCRIPTION FIXED FIELD--GENERAL INFORMATION
fixed length control field ta
008 - FIXED-LENGTH DATA ELEMENTS--GENERAL INFORMATION
fixed length control field 160627s2003 000 0 eng d
020 ## - INTERNATIONAL STANDARD BOOK NUMBER
International Standard Book Number 9586556573
040 ## - CATALOGING SOURCE
Original cataloging agency CO-CtgCURN
Language of cataloging spa
Transcribing agency coctgcurn
082 0# - DEWEY DECIMAL CLASSIFICATION NUMBER
Classification number 303.6
Item number G216p
100 1# - MAIN ENTRY--PERSONAL NAME
Personal name García de la Torre, Clara Ines.
245 10 - TITLE STATEMENT
Title Paradojas de los conflictos violentos :
Remainder of title territorios, regiones y fronteras en Colombia /
Statement of responsibility, etc. Clara Ines García de la Torre.
260 ## - PUBLICATION, DISTRIBUTION, ETC.
Place of publication, distribution, etc. Medellin :
Name of publisher, distributor, etc. Universidad de Antioquia,
Date of publication, distribution, etc. 2003.
300 ## - PHYSICAL DESCRIPTION
Extent 31p.
336 ## - CONTENT TYPE
Source rdacontent
337 ## - MEDIA TYPE
Source rdamedia
Media type term sin mediacion
Media type code n
338 ## - CARRIER TYPE
Source rdacarrier
Carrier type term volumen
Carrier type code nc
490 1# - SERIES STATEMENT
Series statement Legado del saber : contribuciones de la Universidad de Antioquia al conocimiento ;
Volume/sequential designation 6
504 ## - BIBLIOGRAPHY, ETC. NOTE
Bibliography, etc. note Bibliografia (p. 31)
505 8# - FORMATTED CONTENTS NOTE
Formatted contents note Territorios regiones y fronteras en Colombia.--Los conceptos de territorios y region.--Geografia e historia.--Conflicto que hacen region.--El estado.--La Investigación sobre conflicto y regiones en el instituto de estudios regionales de la universidad de antioquia en Colombia
650 14 - SUBJECT ADDED ENTRY--TOPICAL TERM
Topical term or geographic name entry element Conflicto armado
Geographic subdivision Colombia.
710 2# - ADDED ENTRY--CORPORATE NAME
Corporate name or jurisdiction name as entry element Universidad de Antioquia.
908 ## - PUT COMMAND PARAMETER (RLIN)
Put command parameter 160627
942 ## - ADDED ENTRY ELEMENTS (KOHA)
Koha item type Libros
Classification part 303.6
Item part G216p
Source of classification or shelving scheme Dewey Decimal Classification
Existencias
Withdrawn status Lost status Source of classification or shelving scheme Damaged status Not for loan Collection Home library Current library Shelving location Date acquired Inventory number Total checkouts Full call number Barcode Date last seen Price effective from Koha item type Public note Copy number
    Dewey Decimal Classification     General Miguel Henríquez Castañeda Miguel Henríquez Castañeda General 03/29/2025 012924   303.6 G216p 012924 03/29/2025 03/29/2025 Libros 300-CIENSO  
    Dewey Decimal Classification     General Miguel Henríquez Castañeda Miguel Henríquez Castañeda General 03/29/2025 012925   303.6 G216p 012925 03/29/2025 03/29/2025 Libros 300-CIENSO ej.2